| 000 | 01181aab a2200241 i 4500 | ||
|---|---|---|---|
| 001 | 768714001 | ||
| 003 | CO-MdFUSB | ||
| 005 | 20240715121041.0 | ||
| 008 | 240715b2003 sz ||||| |||| 00| 0 eng d | ||
| 040 |
_bspa _cCO-MdFUSB |
||
| 041 | _aeng | ||
| 100 | 1 |
_aMarter, Jerry L. Van _eautor |
|
| 245 |
_aWar and peace _c/ Jerry L. Van Marter |
||
| 520 | _aLos relatos de personas que intentan comunicarse con otros a pesar de la brutalidad del entorno indican la presencia y el amor de Cristo. Para lograr la paz, los cristianos deben enfrentar los problemas y la dinámica del mundo que conducen a un ciclo interminable de guerra y violencia. La fe cristiana se centra en mostrar compasión por aquellos que han sido afectados por la conflictos, el odio y los atropellos. | ||
| 546 | _aTexto en inglés. | ||
| 650 | 7 |
_aDios _xAmor _9256 |
|
| 650 | 7 |
_aPaz _xAspectos religiosos _xCristianismo _92054 |
|
| 650 | 7 |
_aAmor _xAspectos religiosos _vCristianismo _9255 |
|
| 650 | 7 |
_aDerechos humanos _9296 |
|
| 773 | 0 |
_tReformed World _049396 _959510 _gVolumen 53, (número 2 & 3, 2003) páginas: 92 - 96 _qpágina: 92 |
|
| 942 | _cANA | ||
| 945 | _aCatherine Arias Álvarez - Practicante SENA | ||
| 999 |
_c55646 _d55646 |
||